00865nam a2200217Ia 4500003000900000008004100009040001300050040001300063041000800076100002100084245002900105250001100134260000900145260000900154300001200163490000700175600025200182942000700434999001300441952019300454IT-RoPAU120407s9999 xx 000 0 und d aIT-RoPAU cIT-RoPAU aita aNicola Abbagnano aStoria della filosofia.  aTorino aUtet c1958 c26,5 cm v11 a"1° v. Filosofia antica=Filosofia patristica, Filosofia scolastica. ill, 12 tav. 572 p. 2° v. Filosofia moderna sino alla fine del secolo XVIII. ill, 12 tav. 487 p. 3° v. Filosofia del romanticismo, Filosofia contemporanea. ill, 18 tav. 739 p." cBK c420d420 00102ddc406L_M_122_00000000000000071aPAULUSbPAULUSd2012-04-11l0oL M.122r2012-04-11 00:00:00w2012-04-11yBKzInserito da: Sergio In data: n.d. fondo: Via A. Severo 56 Progr:33694